Uncommmon Harry Potter Characters A-D - Statistics

General Stats
  • This quiz has been taken 1,222 times
  • The average score is 14 of 22
Answer Stats
Hint Answer % Correct
Hannah Abbott
97%
Barty Crouch
91%
Katie Bell
90%
Vincent Crabbe
87%
Colin Creevey
87%
Penelope Clearwater
84%
Gabrielle Delacour
82%
Ludo(vic) Bagman
79%
Phineas Nigellus Black
79%
Alecto Carrow
77%
Millicent (Slytherin) Bulstrode
75%
Kendra Dumbledore
75%
Charity Burbage
74%
Dedalus Diggle
71%
Michael Corner
64%
Armando Dippet
62%
Roger Davies
59%
Cuthbert Binns
53%
Bathsheba Babbling
27%
Millicent Bagnold
7%
Malcolm Baddock
6%
Cornelius Agrippa
3%
No matching quizzes found
Score Distribution
Percent of People with Each Score
Percentile by Number Answered
Your Score History
You have not taken this quiz